|
|
|
|
| LEADER |
07147nam a22006497a 4500 |
| 001 |
32983 |
| 003 |
BD-DhAAL |
| 005 |
20251023145855.0 |
| 008 |
180417t2018 bg ab b 001 0 eng d |
| 020 |
|
|
|a 9840757075
|
| 020 |
|
|
|a 9789849330486
|
| 040 |
|
|
|a BD-DhAAL
|c BD-DhAAL
|
| 041 |
|
|
|a eng
|
| 082 |
|
|
|a 954.9205
|2 22
|
| 100 |
|
|
|a Hossain, Md. Sarwar.
|9 25182
|
| 245 |
|
|
|a 1971 :
|b resistance, resilience and redemption /
|c Md. Sarwar Hossain.
|
| 250 |
|
|
|a Second edition.
|
| 260 |
|
|
|a Dhaka :
|b Bangla Academy ;
|b Priyomukh Prokashon,
|c 2018.
|
| 300 |
|
|
|a xxxviii, 489 pages :
|b illustrations, maps ;
|c 25 cm.
|
| 504 |
|
|
|a Includes bibliographical references and index.
|
| 526 |
|
|
|a AAL, BIGD
|
| 541 |
|
|
|a Development Book Agency, Rokomari.com
|e 32983, 33909, 33910, 33911, 33912, 33913,33915,33917, 33918, 36989, 36990
|
| 651 |
|
|
|a Bangladesh
|x History
|y Revolution, 1971.
|9 25614
|
| 651 |
|
|
|a বাংলাদেশ
|x ইতিহাস
|y মুক্তিযুদ্ধ, ১৯৭১.
|9 25615
|
| 852 |
|
|
|a Ayesha Abed Library
|
| 942 |
|
|
|2 ddc
|c BK
|
| 999 |
|
|
|c 39244
|d 39244
|
| 952 |
|
|
|0 0
|1 0
|2 ddc
|4 0
|6 954_920500000000000_HOS
|7 0
|9 63146
|a BRACUL
|b BRACUL
|c BNC
|d 2018-04-11
|e Development Book Agency
|g 1275.00
|l 1
|m 3
|o 954.9205 HOS
|p 3010032983
|r 2018-09-23
|s 2018-08-28
|t 1
|v 1500.00
|w 2018-04-11
|y BK
|
| 952 |
|
|
|0 0
|1 0
|2 ddc
|4 0
|6 954_920500000000000_HOS
|7 0
|9 63362
|a SCL
|b SCL
|c GEN
|d 2018-05-22
|e Development Book Agency
|g 1350.00
|l 0
|o 954.9205 HOS
|p 3020009455
|r 2018-05-22
|t 2
|w 2018-05-22
|y BK
|
| 952 |
|
|
|0 0
|1 0
|2 ddc
|4 0
|6 954_920500000000000_HOS
|7 0
|9 63363
|a SCL
|b SCL
|c GEN
|d 2018-05-22
|e Development Book Agency
|g 1350.00
|l 3
|m 4
|o 954.9205 HOS
|p 3020009454
|r 2026-04-29
|s 2026-04-28
|t 3
|w 2018-05-22
|y BK
|
| 952 |
|
|
|0 0
|1 0
|2 ddc
|4 0
|6 954_920500000000000_HOS
|7 0
|9 64534
|a BRACUL
|b BRACUL
|c BNC
|d 2018-10-29
|e Complimentary copy from Vice-Chancellor
|l 0
|o 954.9205 HOS
|p 3010033909
|r 2018-10-29
|t 4
|w 2018-10-29
|y BK
|
| 952 |
|
|
|0 0
|1 0
|2 ddc
|4 0
|6 954_920500000000000_HOS
|7 0
|9 64535
|a BRACUL
|b BRACUL
|c BNC
|d 2018-10-29
|e Complimentary copy from Vice-Chancellor
|l 0
|o 954.9205 HOS
|p 3010033910
|r 2018-10-29
|t 5
|w 2018-10-29
|y BK
|
| 952 |
|
|
|0 0
|1 0
|2 ddc
|4 0
|6 954_920500000000000_HOS
|7 0
|9 64536
|a BRACUL
|b BRACUL
|c BNC
|d 2018-10-29
|e Complimentary copy from Vice-Chancellor
|l 0
|o 954.9205 HOS
|p 3010033911
|r 2018-10-29
|t 6
|w 2018-10-29
|y BK
|
| 952 |
|
|
|0 0
|1 0
|2 ddc
|4 0
|6 954_920500000000000_HOS
|7 0
|9 64537
|a BRACUL
|b BRACUL
|c BNC
|d 2018-10-29
|e Complimentary copy from Vice-Chancellor
|l 0
|o 954.9205 HOS
|p 3010033912
|r 2018-10-29
|t 7
|w 2018-10-29
|y BK
|
| 952 |
|
|
|0 0
|1 0
|2 ddc
|4 0
|6 954_920500000000000_HOS
|7 0
|9 64538
|a BRACUL
|b BRACUL
|c BNC
|d 2018-10-29
|e Complimentary copy from Vice-Chancellor
|l 0
|o 954.9205 HOS
|p 3010033913
|r 2018-10-29
|t 8
|w 2018-10-29
|y BK
|
| 952 |
|
|
|0 0
|1 0
|2 ddc
|4 0
|6 954_920500000000000_HOS
|7 0
|9 64539
|a BRACUL
|b BRACUL
|c BNC
|d 2018-10-29
|e Complimentary copy from Vice-Chancellor
|l 0
|o 954.9205 HOS
|p 3010033914
|r 2018-10-29
|t 9
|w 2018-10-29
|y BK
|
| 952 |
|
|
|0 0
|1 0
|2 ddc
|4 0
|6 954_920500000000000_HOS
|7 0
|9 64540
|a BRACUL
|b BRACUL
|c BNC
|d 2018-10-29
|e Complimentary copy from Vice-Chancellor
|l 0
|o 954.9205 HOS
|p 3010033915
|r 2018-10-29
|t 10
|w 2018-10-29
|y BK
|
| 952 |
|
|
|0 0
|1 0
|2 ddc
|4 0
|6 954_920500000000000_HOS
|7 0
|9 64541
|a BRACUL
|b BRACUL
|c BNC
|d 2018-10-29
|e Complimentary copy from Vice-Chancellor
|l 0
|o 954.9205 HOS
|p 3010033916
|r 2018-10-29
|t 11
|w 2018-10-29
|y BK
|
| 952 |
|
|
|0 0
|1 0
|2 ddc
|4 0
|6 954_920500000000000_HOS
|7 0
|9 64542
|a BRACUL
|b BRACUL
|c BNC
|d 2018-10-29
|e Complimentary copy from Vice-Chancellor
|l 0
|o 954.9205 HOS
|p 3010033917
|r 2018-10-29
|t 12
|w 2018-10-29
|y BK
|
| 952 |
|
|
|0 0
|1 0
|2 ddc
|4 0
|6 954_920500000000000_HOS
|7 0
|9 64543
|a BRACUL
|b BRACUL
|c BNC
|d 2018-10-29
|e Complimentary copy from Vice-Chancellor
|l 0
|o 954.9205 HOS
|p 3010033918
|r 2018-10-29
|t 13
|w 2018-10-29
|y BK
|
| 952 |
|
|
|0 0
|1 0
|2 ddc
|4 0
|6 954_920500000000000_HOS
|7 0
|9 64636
|a SCL
|b SCL
|c GEN
|d 2018-11-06
|e Complimentary copy from Vice-Chancellor
|l 1
|o 954.9205 HOS
|p 3020009723
|r 2023-07-23
|s 2023-07-16
|t 14
|w 2018-11-06
|y BK
|
| 952 |
|
|
|0 0
|1 0
|2 ddc
|4 0
|6 954_920500000000000_HOS
|7 0
|9 64637
|a SCL
|b SCL
|c GEN
|d 2018-11-06
|e Complimentary copy from Vice-Chancellor
|l 3
|m 3
|o 954.9205 HOS
|p 3020009724
|r 2024-11-20
|s 2024-11-19
|t 15
|w 2018-11-06
|y BK
|
| 952 |
|
|
|0 0
|1 0
|2 ddc
|4 0
|6 954_920500000000000_HOS
|7 0
|9 64638
|a SCL
|b SCL
|c GEN
|d 2018-11-06
|e Complimentary copy from Vice-Chancellor
|l 1
|o 954.9205 HOS
|p 3020009725
|r 2023-07-31
|s 2023-07-24
|t 16
|w 2018-11-06
|y BK
|
| 952 |
|
|
|0 0
|1 0
|2 ddc
|4 0
|6 954_920500000000000_HOS
|7 0
|9 64639
|a SCL
|b SCL
|c GEN
|d 2018-11-06
|e Complimentary copy from Vice-Chancellor
|l 0
|o 954.9205 HOS
|p 3020009726
|r 2018-11-06
|t 17
|w 2018-11-06
|y BK
|
| 952 |
|
|
|0 0
|1 0
|2 ddc
|4 0
|6 954_920500000000000_HOS
|7 0
|9 64640
|a SCL
|b SCL
|c GEN
|d 2018-11-06
|e Complimentary copy from Vice-Chancellor
|l 1
|m 4
|o 954.9205 HOS
|p 3020009727
|r 2020-03-10
|s 2020-02-09
|t 18
|w 2018-11-06
|y BK
|
| 952 |
|
|
|0 0
|1 0
|2 ddc
|4 0
|6 954_920500000000000_HOS
|7 0
|9 64641
|a SCL
|b SCL
|c GEN
|d 2018-11-06
|e Complimentary copy from Vice-Chancellor
|l 0
|o 954.9205 HOS
|p 3020009728
|r 2018-11-06
|t 19
|w 2018-11-06
|y BK
|
| 952 |
|
|
|0 0
|1 0
|2 ddc
|4 0
|6 954_920500000000000_HOS
|7 0
|9 64642
|a SCL
|b SCL
|c GEN
|d 2018-11-06
|e Complimentary copy from Vice-Chancellor
|l 0
|o 954.9205 HOS
|p 3020009729
|r 2018-11-06
|t 20
|w 2018-11-06
|y BK
|
| 952 |
|
|
|0 0
|1 0
|2 ddc
|4 0
|6 954_920500000000000_HOS
|7 0
|9 64643
|a SCL
|b SCL
|c GEN
|d 2018-11-06
|e Complimentary copy from Vice-Chancellor
|l 1
|m 8
|o 954.9205 HOS
|p 3020009730
|r 2019-08-03
|s 2019-07-07
|t 21
|w 2018-11-06
|y BK
|
| 952 |
|
|
|0 0
|1 0
|2 ddc
|4 0
|6 954_920500000000000_HOS
|7 0
|9 64644
|a SCL
|b SCL
|c GEN
|d 2018-11-06
|e Complimentary copy from Vice-Chancellor
|l 1
|o 954.9205 HOS
|p 3020009731
|r 2022-07-03
|s 2022-06-26
|t 22
|w 2018-11-06
|y BK
|
| 952 |
|
|
|0 0
|1 0
|2 ddc
|4 0
|6 954_920500000000000_HOS
|7 0
|9 64645
|a SCL
|b SCL
|c GEN
|d 2018-11-06
|e Complimentary copy from Vice-Chancellor
|l 1
|o 954.9205 HOS
|p 3020009732
|r 2022-06-28
|s 2022-06-25
|t 23
|w 2018-11-06
|y BK
|
| 952 |
|
|
|0 0
|1 0
|2 ddc
|4 0
|6 954_920500000000000_HOS
|7 0
|9 64646
|a SCL
|b SCL
|c GEN
|d 2018-11-06
|e Complimentary copy from Vice-Chancellor
|l 1
|m 6
|o 954.9205 HOS
|p 3020009733
|r 2019-12-06
|s 2019-11-04
|t 24
|w 2018-11-06
|y BK
|
| 952 |
|
|
|0 0
|1 0
|2 ddc
|4 0
|6 954_920500000000000_HOS
|7 0
|9 64647
|a SCL
|b SCL
|c GEN
|d 2018-11-06
|e Complimentary copy from Vice-Chancellor
|l 0
|o 954.9205 HOS
|p 3020009734
|r 2018-11-06
|t 25
|w 2018-11-06
|y BK
|
| 952 |
|
|
|0 0
|1 0
|2 ddc
|4 0
|6 954_920500000000000_HOS
|7 0
|9 64648
|a SCL
|b SCL
|c GEN
|d 2018-11-06
|e Complimentary copy from Vice-Chancellor
|l 1
|o 954.9205 HOS
|p 3020009735
|r 2023-03-28
|s 2023-03-22
|t 26
|w 2018-11-06
|y BK
|
| 952 |
|
|
|0 0
|1 0
|2 ddc
|4 0
|6 954_920500000000000_HOS
|7 0
|9 64649
|a SCL
|b SCL
|c GEN
|d 2018-11-06
|e Complimentary copy from Vice-Chancellor
|l 0
|o 954.9205 HOS
|p 3020009736
|r 2023-04-15
|t 27
|w 2018-11-06
|y BK
|
| 952 |
|
|
|0 0
|1 0
|2 ddc
|4 0
|6 954_920500000000000_HOS
|7 0
|9 64650
|a SCL
|b SCL
|c GEN
|d 2018-11-06
|e Complimentary copy from Vice-Chancellor
|l 2
|m 2
|o 954.9205 HOS
|p 3020009737
|r 2024-09-12
|s 2024-09-08
|t 28
|w 2018-11-06
|y BK
|
| 952 |
|
|
|0 0
|1 0
|2 ddc
|4 0
|6 954_920500000000000_HOS
|7 0
|9 67918
|a IGS
|b IGS
|c GEN
|d 2020-02-10
|e Rokomari.com
|g 800.00
|l 0
|o 954.9205 HOS
|p 3010036989
|r 2020-02-10
|t 29
|v 800.00
|w 2020-02-10
|y BK
|x This property belongs to Ayesha Abed Library
|
| 952 |
|
|
|0 0
|1 0
|2 ddc
|4 0
|6 954_920500000000000_HOS
|7 0
|9 67919
|a IGS
|b IGS
|c GEN
|d 2020-02-10
|e Rokomari.com
|g 800.00
|l 0
|o 954.9205 HOS
|p 3010036990
|r 2020-02-10
|t 30
|v 800.00
|w 2020-02-10
|y BK
|x This property belongs to Ayesha Abed Library
|